BTS Songs A-Z - Statistiken

Allgemein
  • Dieses Quiz wurde 9 mal gespielt
  • Das Durchschnittsergebnis liegt bei 21 aus 22
Antwortstatistiken
Song % Korrekt
C Coffee | Come Back Home | Converse High | Could You Turn Off Your Cell Phone | Crystal Snow
100%
D Danger | Dimple | Dionysus | Dis-ease | DNA | Don't Leave Me | Dope | Dream Glow | Dynamite
100%
A A Brand New Day | A Supplementary Story: You Never Walk Alone | Airplane Pt. 2 | Aliens | All Night | Am I Wrong | Anpanman | Answer: Love Myself | Attack on Bangtan | Autumn Leaves | Awake
100%
B Baepsae | Begin | Best Of Me | Black Swan | Blood Sweat & Tears | Blue & Grey | Body to Body | Born Singer | Boy In Luv | Boy With Luv | Boyz with Fun | BTS Cypher 4 | BTS Cypher Pt 2: Triptych | BTS Cypher Pt. 1 | BTS Cypher Pt. 3: Killer | Butter | Butterfly
100%
G Go Go | Good Day
100%
E Embarrassed | Epilogue: Young Forever | Epiphany | Euphoria
100%
F FAKE LOVE | Film out | Filter | Fire | First Love | Fly To My Room | For You | For Youth | Friends | FYA
100%
H Heartbeat | Her | Hip Hop Phile | Hold Me Tight | HOME | Hooligan | House Of Cards (Full Length Edition)
100%
I I Need U | IDOL | If I Ruled the World | I'm Fine | Inner Child | Interlude | Interlude: Shadow | Interlude: What Are You Doing Now | Interlude: Wings | Into the Sun | Intro. | Intro: 2 Cool 4 Skool | Intro: Boy Meets Evil | Intro: Calling | Intro: Never Mind | Intro: O!RUL8,2? | Intro: Persona | Intro: Ringwanderung | Intro: Serendipity | Intro: Singularity | Intro: Skool Luv Affair | Intro: The Most Beautiful Moment in Life | Intro: What Am I To You | Introduction: Youth
100%
J Jamais Vu | Jump | Just One Day
100%
L Let Go | Let Me Know | Lie | Life Goes On | Lights | Like | Like Animals | line!Pt.2 | Look Here | Lost | Louder than bombs | Love Is Not Over (Full Length Edition) | Love Maze
100%
M Ma City | Magic Shop | Make It Right | MAMA | Merry Go Round | MIC Drop | Mikrokosmos | Miss Right | Moon | Moving On | My Time
100%
N N.O | No More Dream | No. 29 | NORMAL | Not Today
100%
O ON | One More Night | Outro. | Outro: Circle Room Cypher | Outro: Crack | Outro: Do You Think It Makes Sense? | Outro: Ego | Outro: Her | Outro: House of Cards | Outro: Love Is Not Over | Outro: Luv In Skool | Outro: Propose | Outro: Tear | Outro: The Journey | Outro: Wings
100%
P Paldogangsan | Paradise | Permission to Dance | Pied Piper | Please
100%
S Save Me | Serendipity (Full Length Edition) | Silver Spoon | Singularity | Skit | So 4 more | So What | Spine Breaker | Spring Day | Stay | Stay Gold | Stigma | SWIM
100%
T Take Two | Tear | Telepathy | The Planet | The Stars | The Truth Untold | they don't know 'bout us | Tomorrow | Trivia 承: Love | Trivia 起: Just Dance | Trivia 轉: Seesaw
100%
W Wake Up | War of Hormone | We are Bulletproof : the Eternal | We Are Bulletproof Pt. 2 | We On | Whalien 52 | Where You From | Wishing On A Star
100%
Y Yet To Come | Your eyes tell
100%
R Rain | Reflection | Respect | Run | Run BTS
83%
Z Zero O'Clock
83%
U UGH!
67%
Keine übereinstimmenden Quizze gefunden
Verteilung der Resultate
Anzahl Personen mit jedem Resultat
Perzentil nach korrekt beantworteten Fragen
Ihre Resultats-Entwicklung
Sie haben dieses Quiz noch nicht gespielt